01470cam a2200361 a 4500001001400000003000800014005001700022006001900039007001500058008004100073020003800114040003000152049002600182050002300208082001700231100002900248245008200277260003500359300004500394490003800439504005100477520022900528521001700757588004700774650002800821655002900849710001600878776003500894830003900929856010500968942001601073999001901089EDZ0000071573StDuBDS20161031105116.0m||||||||d||||||||cr |||||||||||120405s2005 enka fo| 001|0|eng d a9781446211885 (ebook) :cNo price aStDuBDSbengcStDuBDSepn aAlfaisal Main Library 0aLB2806b.W734 200504a371.20112231 aWoods, Philip A.,d1950-10aDemocratic leadership in educationh[electronic resource] /cPhilip A. Woods. aLondon :bPaul Chapman,c2005. a1 online resource (xxiv, 167 p.) :bill.1 aLeading teachers, leading schools aIncludes bibliographical references and index.8 aFocusing on the idea of democratic leadership, Philip Wood asks what forms it can take, shows how it is relevant to school education and learning, demonstrates how to put it into practice and sets out some of the challenges. aSpecialized. aDescription based on print version record. 0aEducational leadership. 7aElectronic books.2local2 aSage eBooks08iPrint version :z9781412902915 0aLeading teachers, leading schools.40uhttp://ezproxy.alfaisal.edu/login?url=http://sk.sagepub.com/books/democratic-leadership-in-education 2lcccEBOOKS c479478d479478